Vista normal
Vista MARC
Entrada Materia (personas)
Número de registros utilizados en: 1
001 - CONTROL NUMBER
- control field: 162461
003 - CONTROL NUMBER IDENTIFIER
- control field: Co-BoUCM
005 - DATE AND TIME OF LATEST TRANSACTION
- control field: 20211110134841.0
008 - FIXED-LENGTH DATA ELEMENTS
- fixed length control field: 211110|| aca||aabn | a|a d
040 ## - CATALOGING SOURCE
- Original cataloging agency: Co-BoUCM
- Transcribing agency: Co-BoUCM
100 ## - HEADING--PERSONAL NAME
- Personal name: Maquiavelo, Nicolás
- Dates associated with a name: 1469-1527
- Form subdivision: Colecciones de escritos
670 ## - SOURCE DATA FOUND
- Source citation: Work cat.: (Co-BoUCM)48316: Maquiavelo, Nicolás 1469-1527 36994, Escritos políticos breves, 2001